00290nam a2200133Ia 4500003000400000005001700004008004100021020001800062040000900080100001800089245002800107260001200135260000900147OSt20231121061029.0170524s9999 xx 000 0 und d a81-7493-626-2 cIIMT aRamaswamy- T. 0aprinciple of Management bHimalya c1999